Dzielnice Rudy Śląskiej z mapą - Statystyki

Ogólne statystyki
  • Ten quiz został rozwiązany 921 razy
    726 od ostatniego zresetowania
  • Średni wynik to 8 z 11
Odpowiedzi na mapie
Odpowiedzi zakodowano w zielono-czerwonej skali na mapie do tego quizu, zgodnie z poniższymi procentami.
 
Statystyki odpowiedzi
Dzielnica % Poprawnych
Halemba
90%
Wirek
87%
Nowy Bytom
84%
Ruda
82%
Kochłowice
77%
Chebzie
74%
Godula
69%
Bielszowice
66%
Czarny Las
64%
Orzegów
61%
Bykowina
60%
Nie znaleziono quizów pasujących do podanych kryteriów
Rozkład punktacji
Procent ludzi z każdym wynikiem
Percentyl według liczby udzielonych odpowiedzi
Twoja historia wyników
Nie rozwiązałeś tego quizu od ostatniego zresetowania